书目信息 |
| 题名: |
心里的锁
|
|
| 作者: | 张健鹏 , 胡足青 主编 | |
| 分册: | ||
| 出版信息: | 北京 当代世界出版社 2000.08 |
|
| 页数: | 392页 | |
| 开本: | 32开 | |
| 丛书名: | ||
| 单 册: | ||
| 中图分类: | I247.8 | |
| 科图分类: | ||
| 主题词: | 小说--中国 | |
| 电子资源: | ||
| ISBN: | 7-80115-343-X | |
| 000 | 00558nam0 2200193 45 | |
| 001 | 0010221187 | |
| 005 | 20001022112752.3 | |
| 010 | @a7-80115-343-X@dCNY 21.00 | |
| 100 | @a20001022d2000 km y0chiy0120 ea | |
| 101 | 0 | @achi |
| 200 | 1 | @a心里的锁@AXin Li De Suo@f张健鹏,胡足青主编@FZhang Jian Peng,Hu Zu Qing Zhu Bian |
| 210 | @a北京@c当代世界出版社@d2000.08 | |
| 215 | @a392页@d32开 | |
| 606 | 0 | @a小说@x中国 |
| 690 | @aI247.8@v3 | |
| 701 | 0 | @a张健鹏@4主编 |
| 701 | 0 | @a胡足青@4主编 |
| 801 | @aCN@bPftUser@c20001022 | |
| 905 | @b182058-062@dI247.8@eZH659/2@f5 | |
| 心里的锁/张健鹏,胡足青主编.-北京:当代世界出版社,2000.08 |
| 392页;32开 |
| ISBN 7-80115-343-X:CNY 21.00 |
| ● |
| 相关链接 |
|
|
|
正题名:心里的锁
索取号:I247.8/ZH659/2
 
预约/预借
| 序号 | 登录号 | 条形码 | 馆藏地/架位号 | 状态 | 备注 |
| 1 | 182058 | 201820583 | 文学库108/ [索取号:I247.8/ZH659/2] | 在馆 | |
| 2 | 182059 | 201820592 | 文学库108/ [索取号:I247.8/ZH659/2] | 在馆 | |
| 3 | 182060 | 201820609 | 文学库108/ [索取号:I247.8/ZH659/2] | 在馆 | |
| 4 | 182061 | 201820618 | 社科二线400B/400B社科库 15排3列5层/ [索取号:I247.8/ZH659/2] | 在馆 | |
| 5 | 182062 | 201820627 | 文学库108/ [索取号:I247.8/ZH659/2] | 在馆 | |
| 6 | 375740 | 203757407 | 社科二线422/422社科库 25排4列5层/ [索取号:I247.8/ZH659/2] | 在馆 | |
| 7 | 375741 | 203757416 | 文学库108/ [索取号:I247.8/ZH659/2] | 在馆 |